| 000 | 00534nam a2200193Ia 4500 | ||
|---|---|---|---|
| 999 |
_c33413 _d33413 |
||
| 003 | OSt | ||
| 005 | 20200825113120.0 | ||
| 008 | 190216s9999||||xx |||||||||||||| ||und|| | ||
| 020 | _a9788121902809 | ||
| 040 | _coclc | ||
| 082 |
_a530.4 _bLAL/P |
||
| 100 |
_aLal, Brij _94328 |
||
| 245 | 0 |
_aProperties Of Matter / _cBrij Lal ; N Subrahmanyam |
|
| 250 | _a1st Ed. | ||
| 260 |
_bEurasia Publishing, _c1999. _aNew Delhi: |
||
| 300 | _a472p | ||
| 650 | _aPhysics | ||
| 942 |
_cBK _2ddc _h530.4 _iLAL/P _k530.4 _mLAL/P |
||